01478nam a2200349Ia 4500001001200000003000800012006001900020007001500039008004100054010001700095020002500112020002700137040002100164035002100185050002300206082002300229100002100252245015200273260004200425300003000467504005100497533015200548650002900700650006500729650004200794651005000836651005300886655002900939710001700968856012600985999001701111ebr10404831CaPaEBRm u cr cn|||||||||090709s2010 mduab sb 001 0aeng d z 2009932290 z9780761848257 (pbk.) z9780761848264 (e-ISBN) aCaPaEBRcCaPaEBR a(OCoLC)66729271714aE99.D1bD38 2010eb04a978.30049752432221 aDavis, Philip E.14aThe scalping of the great Sioux nationh[electronic resource] :ba review of my life on the Rosebud and Pine Ridge Reservations /cPhilip E. Davis. aLanham, MD :bHamilton Books,cc2010. aix, 175 p. :bill., maps. aIncludes bibliographical references and index. aElectronic reproduction.bPalo Alto, Calif. :cebrary,d2010.nAvailable via World Wide Web.nAccess may be limited to ebrary affiliated libraries. 0aDakota IndiansxHistory. 0aDakota IndiansxGovernment relationsxHistoryy19th century. 0aIndians, Treatment ofzNorth America. 0aRosebud Indian Reservation (S.D.)vBiography. 0aPine Ridge Indian Reservation (S.D.)vBiography. 7aElectronic books.2local2 aebrary, Inc.40uhttp://site.ebrary.com/lib/rucke/Doc?id=10404831zAn electronic book accessible through the World Wide Web; click to view c81756d81756